| 000 | 00554nam a2200205Ia 4500 | ||
|---|---|---|---|
| 003 | OSt | ||
| 005 | 20230413143939.0 | ||
| 008 | 210423s2009 xx 000 0 und d | ||
| 020 | _a9788178299099 | ||
| 040 | _cAL | ||
| 041 | _aeng | ||
| 082 | _a658.4034 CHAA | ||
| 100 |
_aCHANDRA (Ashoka);KHANIJO (M K). _988028 |
||
| 245 | _aKnowledge economy: the Indian challenge. | ||
| 260 |
_aNew Delhi _bSage Publications _c2009 |
||
| 300 |
_alvii,259 _bPB |
||
| 365 |
_b875 _cINR |
||
| 906 | _achallenge. ; economy: ; Indian ; Knowledge | ||
| 942 |
_2ddc _cBK |
||
| 999 |
_c159721 _d159721 |
||